000 00744nam a22002055i 4500
001 170324
003 ES-MaACL
005 20230906214344.0
008 090224q1892 sp |||| | spa d
080 _a821.134.2-23"18"
100 1 _aEchegaray, José,
_d1832-1916
_946526
245 1 0 _aMariana
_b: drama original en tres actos y un epílogo /
_cpor José Echegaray.
250 _a11ª ed.
260 _aMadrid :
_bSociedad de Autores Españoles,
_c[ca. 1892] (
_fTip. Yagües)
300 _a100 p. ;
_c20 cm.
490 1 _aColección de obras dramáticas y líricas
830 1 _aColección de obras dramáticas y líricas
_9223011
852 4 _aES-MaACL
_j2249-F-16
_z- Biblioteca Jacinto Martínez Lacalle
999 _c170324
_d170324